Guess the Fusion Rock Song Lyrics #231 - Statistics

General Stats
  • This quiz has been taken 16 times
  • The average score is 354 of 500
Answer Stats
Answer % Correct
a
100%
me
100%
and
93%
And
93%
do
93%
every
93%
go
93%
he
93%
I
93%
in
93%
it
93%
It
93%
it's
93%
on
93%
the
93%
The
93%
we
93%
by
86%
can
86%
dark
86%
like
86%
no
86%
now
86%
out
86%
see
86%
so
86%
So
86%
there
86%
they
86%
to
86%
was
86%
way
86%
what
86%
you
86%
You
86%
your
86%
all
79%
cold
79%
come
79%
for
79%
good
79%
got
79%
know
79%
make
79%
night
79%
that
79%
This
79%
Well
79%
were
79%
we're
79%
We're
79%
about
71%
Ain't
71%
are
71%
at
71%
doubt
71%
felt
71%
gonna
71%
had
71%
have
71%
hear
71%
He's
71%
he's
71%
if
71%
is
71%
light
71%
Meat Loaf
71%
my
71%
of
71%
our
71%
run
71%
thing
71%
tonight
71%
baby
64%
Baby
64%
boy
64%
dashboard
64%
don't
64%
down
64%
feel
64%
girl
64%
going
64%
lonely
64%
Look
64%
never
64%
not
64%
oh
64%
paradise
64%
Paradise
64%
real
64%
really
64%
as
57%
barely
57%
Cause
57%
did
57%
dressed
57%
gotta
57%
here
57%
Here
57%
him
57%
let
57%
only
57%
right
57%
seventeen
57%
some
57%
than
57%
up
57%
wanna
57%
any
50%
big
50%
blessed
50%
car
50%
close
50%
doubly
50%
edge
50%
first
50%
hold
50%
I've
50%
knife
50%
rest
50%
second
50%
shout
50%
surprise
50%
try
50%
Two
50%
another
43%
been
43%
better
43%
comes
43%
deep
43%
eyes
43%
glowing
43%
Glowing
43%
happened
43%
heart
43%
kids
43%
little
43%
looking
43%
motor
43%
sight
43%
tight
43%
wishing
43%
bodies
36%
C'mon
36%
c'mon
36%
fun
36%
head
36%
lake
36%
long
36%
metal
36%
middle
36%
Mother
36%
Nature
36%
Parking
36%
school
36%
slide
36%
Though
36%
throw
36%
waiting
36%
yesterday
36%
ball
29%
bottom
29%
cooker
29%
it'll
29%
letting
29%
line
29%
ninth
29%
nobody
29%
open
29%
pressure
29%
rounding
29%
shot
29%
There's
29%
tonight's
29%
alright
21%
fly
21%
regret
21%
ya
21%
bobbled
14%
center
14%
drowning
14%
radio
14%
turning
14%
along
7%
Okay
7%
score
7%
windup
7%
I remember
0%
No matching quizzes found
Score Distribution
Percent of People with Each Score
Percentile by Number Answered
Your Score History
You have not taken this quiz